Megafauna of North America - Statistics

General Stats
  • This quiz has been taken 555 times
    43 since last reset
  • The average score is 25 of 40
Answer Stats
Picture Answer % Correct
American Crocodile
100%
Cuban Crocodile
100%
Morolet's Crocodile
100%
American Alligator
97%
Cougar (Puma/Mountain Lion)
97%
Polar Bear
97%
American Bison
94%
American Black Bear
94%
Moose
94%
Brown (Grizzly) Bear
89%
Jaguar
89%
Walrus
89%
Caribou
86%
Elk
86%
Gray Wolf
83%
Alligator Snapping Turtle
81%
Mountain Goat
81%
California Sea Lion
78%
Steller Sea Lion
78%
Pronghorn Antelope
75%
Baird's Tapir
72%
Northern Elephant Seal
72%
White-Tailed Deer
72%
Musk-ox
64%
Sea Otter
64%
Spectacled Caiman
58%
Bighorn Sheep
53%
Mule Deer
36%
Harbor Seal
28%
Dall Sheep
25%
Harp Seal
25%
Grey Seal
22%
Guadeloupe Fur Seal
22%
Northern Fur Seal
22%
Hawaiian Monk Seal
19%
Ribbon Seal
17%
Ringed Seal
17%
Hooded Seal
11%
Bearded Seal
8%
Central American Red Brocket Deer
6%
No matching quizzes found
Score Distribution
Percent of People with Each Score
Percentile by Number Answered
Your Score History
You have not taken this quiz since the last reset